00928nam a2200217 a 450000100100000000500170001000800410002704000250006808200160009310000250010924500600013426000820019430000330027649000120030983000190032104900090034095201140034995201150046395201150057899900170069300003429720200930073627.0110930s1973 dr 000 0 spa d aDO-SdBNPbspacBNPHU axxxxbD632s1 aDobal, Carlos92632210aSantos de palo y santeros dominicanos. /cCarlos Dobal. aSantiago de los Caballeros, :bUniversidad Católica Madre y Maestra,c1973. a32 p. :bil. retr. ;c22 cm.1 aEstudio 0aEstudio911006 aBNPD 0010718PDaPDbPDcHDd2011-09-30iLF1l0oxxxx D632sp34297-10r2020-06-25w2020-06-25yLFPDZNo se presta 00107-18PDaGRbGRcOId2011-10-03iLF1l0oxxxx D632sp34298-10r2020-06-25w2020-06-25yLFPDZNo se presta 00107-18PDaGRbGRcOId2011-10-03iLF1l0oxxxx D632sp34298-20r2020-06-25w2020-06-25yLFPDZNo se presta c33788d33788